000 00588nam a2200193Ia 4500
003 GCL
008 140319s9999 xx 000 0 ara d
040 _aGCL /
_cGCL
082 0 4 _a330.121
_bش ف
100 1 _aشوقى عبده الساهى
245 1 0 _aالفكر الاسلامى والادارة المالية للدولة /
_cشوقى عبده الساهى
260 _a[S.N] :
_bمكتبة النهضة ،
_c1991
300 _a219 ص
490 _a
650 0 4 _aالاقتصاد
650 0 4 _aالاسلام
650 0 4 _aالادارة المالية
942 _2ddc
_cBK
999 _c30193
_d30193